000 006530000a22002050004500
003 LK-CoMWRAF
005 20231001201943.0
008 230817t ||||| |||| 00| 0 eng d
040 _aLK-CoMWRAF
_dLK-CoMWRAF
_eLK-CoMWRAF
041 _aeng
082 _a297.64
_bZAH
100 _aZahra, Muhammad Abu
245 _aThe Four Imams :
_bTheir lives, works and their schools of thought
260 _aIndia :
_bPremier,
300 _axi, 518 p. ; 23 cm.
650 _aAbū Ḥanīfah--Mālik ibn Anas--Ibn Ḥanbal--Aḥmad ibn Muḥammad
650 _aShāfiʿī, Muḥammad ibn Idrīs--Biography
650 _aIslamic law -- History
942 _cBK
999 _c1050
_d1050